00542nam a2200181Ia 450000500170000000800410001704000190005804100120007708200130008910000240010224500710012626000390019730000120023650400500024865000150029865100370031385000100035020221026150438.0131103s9999 xx 000 0 und d aLoreto College aEnglish a157bPAR aParkes,Colin Murray aBereavementb studies of grief in adult life cColin Murray Parkes aHarmondsworthbPenguin Booksc1975 a267 p.  aIncludes bibliographical references and index aPsychology aPsychology/ Psychology Of Adults aLCLIB